Szczegóły MARC21

Leasing na nowych zasadach : po wprowadzeniu przepisów w kodeksie cywilnym oraz w ustawach o podatku dochodowym, o VAT i o rachunkowości : aspekt prawny, podatkowy i księgowy /

003 -Nazwa inst., której nr kontr. jest w polu 001 [,]
    • @
    • Nazwa instytucji, której n kontrolny jest w polu 001
    • NUKAT
005 -DATA I CZAS OSTATNIEJ MODYFIKACJI [,]
    • @
    • pole kontrolne
    • 20241231112937.0
020 -Międzynarod. znormalizowany nr książki - ISBN [ , ]
    • a
    • Numer ISBN
    • 9788389850621 Find
040 -Instytucja sporządzająca opis [ , ]
    • a
    • Instytucja, która sporządziła opis (NP)
    • OLSZT 003/WO
    • c
    • Instytucja, która sporządziła rekord (NP)
    • OLSZT 003/WO
942 -Rodzaj dokumentu [ , ]
    • c
    • Rodzaj dokumentu
    • Książka
100 -Hasło główne - nazwa osobowa [1, ]
    • a
    • Nazwa osobowa (NP)
    • Korczyn, Aleksander.
    • 9
    • KHW
    • 55554
245 -Strefa tytułu i oznaczenia odpowiedzialności [1,0]
    • a
    • Tytuł
    • Leasing na nowych zasadach : Find
    • b
    • Ciąg dalszy tytułu (NP)
    • po wprowadzeniu przepisów w kodeksie cywilnym oraz w ustawach o podatku dochodowym, o VAT i o rachunkowości : aspekt prawny, podatkowy i księgowy / Find
    • c
    • Pozostałe elementy strefy tytułu i oznaczenia odpowiedzialności (NP)
    • Aleksander Korczyn.
246 -Wariant tytułu [1,4]
    • a
    • Tytuł (NP)
    • Leasing :
    • b
    • Ciąg dalszy tytułu (NP)
    • aspekt prawny, podatkowy i księgowy
246 -Wariant tytułu [1,4]
    • a
    • Tytuł (NP)
    • Leasing
250 -Strefa wydania [ , ]
    • a
    • Oznaczenie wydania (NP)
    • Stan prawny na dzień 1 stycznia 2012 r.
260 -Strefa adresu wydawniczego [ , ]
    • a
    • Miejsce wydania (P)
    • Skierniewice :
    • b
    • Nazwa wydawcy (P)
    • Wydawnictwo Sigma,
    • c
    • Data wydania (P)
    • 2012.
300 -Strefa opisu fizycznego [ , ]
    • a
    • Określenie formy książki i/lub objętość (NP)
    • 142 s. :
    • b
    • Oznaczenie ilustracji (NP)
    • il. ;
    • c
    • Format (NP)
    • 21 cm.
336 -Typ zawartości [ , ]
    • a
    • Termin opisujący typ zawartości
    • Tekst
    • b
    • Kod określający zawartość
    • txt
    • 2
    • Źródło (terminu i kodu)
    • rdacontent
337 -Typ mediów [ , ]
    • a
    • Tryb odtwarzania
    • Bez urządzenia pośredniczącego
    • b
    • Kod typu mediów
    • n
    • 2
    • Źródło (terminu i kodu)
    • rdamedia
338 -Typ/rodzaj nośnika [ , ]
    • a
    • Hasło opisujące typ nośnika
    • Wolumin
    • b
    • Kod typu nośnika
    • nc
    • 2
    • Źródło (terminu i kodu)
    • rdacarrier
080 -Uniwersalna Klasyfikacja Dziesiętna [ , ]
    • 2
    • Identyfikator wydania tablic
    • UDC-P058
    • 9
    • UKD
    • 3309
    • a
    • Symbol klasyfikacji
    • 339.186/.187
    • b
    • Dopowiedzenie
    • Kupno i sprzedaż. Licencje handlowe. Franchising. Dzierżawa stoisk handlowych. Najem i podnajem (leasing) nieruchomości i ruchomości handlowych.
    • 4
    • UKD2
    • 7642
    • x
    • Poddział wspólny
    • (438)
    • c
    • Dopowiedzenie poddz. wspólnego
    • (Polska).
080 -Uniwersalna Klasyfikacja Dziesiętna [ , ]
    • 2
    • Identyfikator wydania tablic
    • UDC-P058
    • 9
    • UKD
    • 3535
    • a
    • Symbol klasyfikacji
    • 347.45/.46
    • b
    • Dopowiedzenie
    • Poszczególne rodzaje umów. Sprzedaż. Cesja. Kupno. Wymiana. Barter. Umowy o usługi. Pełnomocnictwo. Zabezpieczenie wierzytelności. Umowy o pożyczkę. Zastaw. Depozyt. Dzierżawa. Wynajem. Leasing. Forfaiting. Franchising.
    • 4
    • UKD2
    • 7642
    • x
    • Poddział wspólny
    • (438)
    • c
    • Dopowiedzenie poddz. wspólnego
    • (Polska).
650 -Hasło przedmiotowe [ ,7]
    • a
    • Hasło przedmiotowe
    • Leasing
    • x
    • Określnik rzeczowy
    • podatki
    • x
    • Określnik rzeczowy
    • prawo
    • z
    • Określnik geograficzny
    • Polska.
    • 2
    • Źródło terminu
    • kaba
    • 9
    • KHW
    • 362465
650 -Hasło przedmiotowe [ ,7]
    • a
    • Hasło przedmiotowe
    • Leasing
    • x
    • Określnik rzeczowy
    • prawo
    • z
    • Określnik geograficzny
    • Polska.
    • 2
    • Źródło terminu
    • kaba
    • 9
    • KHW
    • 368973
650 -Hasło przedmiotowe [ ,7]
    • a
    • Hasło przedmiotowe
    • Leasing
    • z
    • Określnik geograficzny
    • Polska
    • x
    • Określnik rzeczowy
    • rachunkowość.
    • 2
    • Źródło terminu
    • kaba
    • 9
    • KHW
    • 382020
980 -Symbol UKD [ , ]
    • a
    • UKD
    • 339.186/.187:347.45/.46](438)
710 -Hasło dodatkowe - nazwa ciała zbiorowego [2, ]
    • a
    • Nazwa ciała zbiorowego lub nazwa geograficzna jako pierwszy element (NP)
    • Wydawnictwo Sigma.
    • 4
    • Kod relacji
    • pbl
    • 9
    • KHW
    • 55555
920 -ISBN [ , ]
    • a
    • ISBN
    • 978-83-89850-62-1 Find
Status udost. Numer inwentarzowy Data inwentaryzacji Lokalizacja Sygnatura
-2E.769482016-11-16BE 
-2S.953352016-11-16BE 
-3GW.86682016-06-16BE347